000 00578nam a2200241Ia 4500
999 _c1115
_d1115
003 0100
008 130227s9999 xx 000 0 und d
040 _cARRUPELIB
050 _aBR331.E5J17 1970
100 _aLuther Martin
_929170
245 _aThree treatises
250 _a2nd edition
260 _aPhiladelphia
260 _bFortress Press
300 _a316p.
300 _b 18cm.
700 _aJacobs, Charles M. tr.
_929171
942 _2lcc
_cMONOGRAPH